Geboren im 20. Jahrhundert I: 1901 - 1910 - Statistiken

Allgemein
  • Dieses Quiz wurde 17 mal gespielt
  • Das Durchschnittsergebnis liegt bei 28 aus 120
Antwortstatistiken
Jahr Tag Hinweis Name % Korrekt
1902 07. März deutscher Schauspieler, spielte die Hauptrollen in Filmen wie "Die Drei von der Tankstelle", "Die Feuerzangenbowle" und "Der Hauptmann von Köpenick" Heinz Rühmann
87%
1901 05. Dezember US-amerikanischer Trickfilmzeichner und Filmproduzent, Erfinder von u. a. "Mickey Maus" und Mitgründer eines der heute größten Medienunternehmen der Welt Walt Disney
87%
1905 28. September deutscher Boxer, war von 1930 - 1932 Weltmeister im Schwergewicht Max Schmeling
80%
1904 11. Mai spanischer Maler, gilt als einer der bekanntesten Vertreter des Surrealismus, sein prominentestes Werk zeigt drei zerfließende Taschenuhren Salvador Dalí
80%
1902 22. August deutsche Regisseurin und Schauspielerin, wegen ihrer Rolle in der NS-Propaganda sehr umstritten Leni Riefenstahl
73%
1906 15. Januar griechischer Reeder, gilt als einer der reichsten Menschen, der je gelebt hat Aristoteles Onassis
67%
1907 14. November schwedische Autorin, wurde u. a. mit den Erzählungen von "Pippi Langstrumpf" zu einer der erfolgreichsten Kinderbuchautorinnen der Welt Astrid Lindgren
67%
1902 04. Februar US-amerikanischer Pilot, absolvierte den ersten Nonstop-Flug von New York nach Paris sowie die erste Alleinüberquerung des Atlantik Charles Lindbergh
67%
1904 06. Dezember französische Schriftstellerin und Journalistin, Tochter des Ehepaars, das 1903 den Nobelpreis für Physik gewann Ève Curie
67%
1907 06. Juli mexikanische Malerin, bedeutende Vertreterin des Surrealismus und der Neuen Sachlichkeit, wird in einem Biopic 2002 von Salma Hayek verkörpert Frida Kahlo
67%
1904 06. April deutscher Politiker (CDU), war von 1966 - 1969 dritter Bundeskanzler der Bundesrepublik Deutschland Kurt Georg Kiesinger
67%
1910 20. Juni deutscher Ingenieur, baute 1941 mit dem Z3 den ersten voll funktionsfähigen Computer der Welt Konrad Zuse
60%
1901 04. August US-amerikanischer Sänger und Schauspieler, sein bekanntester Song ist wohl "What A Wonderful World" von 1967 Louis Armstrong
60%
1908 28. April deutscher Emaille- und Munitionsfabrikant, rettete etwa 1 200 bei ihm angestellte Juden vor der Ermordung durch die Nationalsozialisten Oskar Schindler
60%
1904 18. Januar US-amerikanischer Schauspieler, spielte die Hauptrollen in den Hitchcock-Filmen "Über den Dächern von Nizza" und "Der unsichtbare Dritte" Cary Grant
53%
1903 25. Juni britischer Schriftsteller, erlangte Weltruhm besonders durch seine Dystopien "Farm der Tiere" und "1984" George Orwell
53%
1908 28. Mai britischer Schriftsteller, Erfinder von "James Bond" Ian Fleming
53%
1901 01. Februar US-amerikanischer Schauspieler, spielte die männliche Hauptrolle in "Vom Winde verweht" Clark Gable
47%
1906 04. Februar deutscher evangelischer Theologe und NS-Widerstandskämpfer, einer der Hauptvertreter der "Bekennenden Kirche" Dietrich Bonhoeffer
47%
1909 20. Februar deutscher Komiker, Schauspieler und Dichter, dessen Erfolg besonders auf seinen Wortspielen und verdrehten Redewendungen beruhte Heinz Erhardt
47%
1903 05. Dezember niederländischer Sänger und Schauspieler, spielte seine letzte Rolle mit 107 Jahren in dem Kurzfilm "Ten - Sündige und du wirst erlöst" Johannes Heesters
47%
1905 23. März deutsche Sängerin und Schauspielerin, weltbekannt durch ihren Hit "Lili Marleen" Lale Andersen
47%
1908 27. August US-amerikanischer Politiker (Demokraten), war von 1963 - 1969 der 36. Präsident der USA Lyndon B. Johnson
47%
1908 26. Juni chilenischer Arzt und Politiker, war von 1970 - 1973 Präsident von Chile, bis er durch einen Militärputsch gestürzt wurde und sich das Leben nahm Salvador Allende
47%
1909 24. April deutscher Tierfilmer, war von 1945 - 1974 Direktor des Frankfurter Zoos, drehte 1959 den Film "Serengeti darf nicht sterben" Bernhard Grzimek
40%
1903 03. Mai US-amerikanischer Sänger und Schauspieler, sein Song "White Christmas" gilt als meistverkaufter Titel aller Zeiten Bing Crosby
40%
1901 16. Januar kubanischer Militär und Politiker, Diktator Kubas von 1952 - 1958, bis er u. a. durch Fidel Castro gestürzt wurde Fulgencio Batista
40%
1905 16. Mai US-amerikanischer Schauspieler, spielte Hauptrollen in den Filmklassikern "Früchte des Zorns", "Die zwölf Geschworenen" und "Spiel mir das Lied vom Tod" Henry Fonda
40%
1905 21. Juni französischer Philosoph, Vordenker und Hauptvertreter des Existenzialismus Jean-Paul Sartre
40%
1904 02. Juni US-amerikanischer Schwimmer und Schauspieler, gewinn fünf olympische Goldmedaillen im Freistil und verkörperte nach seiner Sportkarriere in zwölf Filmen den "Tarzan" Johnny Weissmüller
40%
1910 26. August indische Ordensfrau und Missionarin, bekannt durch ihre Arbeit mit Armen, Kranken und Obdachlosen, erhielt 1979 den Friedensnobelpreis Mutter Teresa
40%
1902 13. April französischer Unternehmer, verwandelte das familiäre Weingut in eines der teuersten Luxusunternehmen der Welt, entstammte einer der bekanntesten jüdischen Bankiersfamilie Philippe de Rothschild
40%
1909 13. August deutscher Unternehmer, Gründer eines der größten Versandhändlers der Welt Werner Otto
40%
1903 25. August US-amerikanischer Physiker und Statistiker, erfand die noch heute gebräuchliche Wertungszahl zur Beschreibung der Spielstärke von Schachspielern Arpad Elo
33%
1910 20. April deutsche Schauspielerin und Sängerin, für ihre Rolle in "Angst essen Seele auf" erhielt die Berlinerin 1974 den Deutschen Filmpreis als beste Hauptdarstellerin Brigitte Mira
33%
1910 06. November deutscher Schauspieler und Synchronsprecher, lieh u. a. Frank Sinatra und Cary Grant seine Stimme und hatte seine bekannteste eigene Rolle in der TV-Serie "Der Kommissar" (1969 - 1976) Erik Ode
33%
1901 29. April japanischer Adeliger, von 1926 - 1989 124. Tenno und damit Staatsoberhaupt Japans Hirohito
33%
1910 30. Mai deutsche Schauspielerin, die "Mutter der Nation" war neben ihrer TV-Karriere (u. a. "Die Unverbesserlichen") vor allem eine sehr gefragte Theaterdarstellerin (u. a. "Minna von Barnhelm", "Jedermann") Inge Meysel
33%
1908 14. November US-amerikanischer Politiker (Republikaner), beschwor Anfang der 1950er-Jahre antikommunistische Verschwörungstheorien Joseph McCarthy
33%
1906 19. Dezember russischer Politiker, als Generalsekretär der KPdSU von 1964 - 1982 quasi Staatsoberhaupt der Sowjetunion Leonid Iljitsch Breschnew
33%
1908 09. Januar französische Philosophin, Vertreterin des Existentialismus und mit ihrem Werk "Das andere Geschlecht" Vorreiterin des Feminismus Simone de Beauvoir
33%
1905 21. Januar französischer Modedesigner, seine Mode war gekennzeichnet durch eine schmale Taille, ein figurbetontes bzw. Korsett-gestütztes Oberteil, weite, schwingende Röcke sowie Wagenradhüte und lange Handschuhe. Christian Dior
27%
1907 13. Mai britische Schriftstellerin, verfasste u. a. die Romanvorlagen der Hitchcockfilme "Die Vögel" und "Rebecca" Daphne du Maurier
27%
1901 29. September italienischer Physiker, Nobelpreisträger 1938, war an Entwicklung und Bau der ersten Atombomben beteiligt Enrico Fermi
27%
1903 24. Februar deutscher Verleger, Gründer eines nach ihm selbst benannten Verlags, der heute eines der größten Medienunternehmen Deutschlands ist Franz Burda
27%
1903 04. Januar deutscher Schreiner, sein Bombenattentat auf Adolf Hitler am 08. November 1939 im Münchener Bürgerbräukeller scheiterte knapp Georg Elser
27%
1906 30. Oktober italienischer Automobilrennfahrer, wurde 1950 der erste Formel-1-Weltmeister der Geschichte Giuseppe Farina
27%
1909 27. März deutscher Historiker, Sohn des Literaturnobelpreisträgers von 1929, bekanntestes Werk ist die "Deutsche Geschichte des 19. und 20. Jahrhunderts" Golo Mann
27%
1907 09. Oktober deutscher Taxifahrer und SA-Sturmführer, verfasste die heute verbotene und nach ihm benannte Parteihymne der NSDAP Horst Wessel
27%
1904 12. Juli chilenischer Dichter und Schriftsteller, erhielt 1971 den Literaturnobelpreis Pablo Neruda
27%
1906 13. April irischer Schriftsteller, sein bekanntestes Werk ist "Warten auf Godot" von 1952, erhielt 1969 den Literaturnobelpreis Simon Beckett
27%
1907 15. März schwedische Schauspielerin und Sängerin, zu ihren bekanntesten Filmen gehört "La Habanera" von 1937 Zarah Leander
27%
1901 27. März deutscher Politiker, von 1952 - 1963 Parteivorsitzender der SPD Erich Ollenhauer
20%
1905 09. November deutsche Schauspielerin und Kabarettistin, Gründerin des Münchener Politkabaretts "Die Pfeffermühle" Erika Mann
20%
1901 07. Mai US-amerikanischer Schauspieler, gewann zweimal den Oscar als bester Hauptdarsteller (1941: Sergeant York; 1952: 12 Uhr mittags) Gary Cooper
20%
1907 25. Januar deutscher Schauspieler und Regisseur des Films "Die Feuerzangenbowle" Helmut Weiss
20%
1906 11. Juli deutscher Politiker (SPD), Vorsitzender der SPD-Bundestagsfraktion von 1969 - 1983 Herbert Wehner
20%
1903 07. November österreichischer Zoologe und Nobelpreisträger für Medizin, gilt als Begründer der Tierpsychologie, die auf seinen Beobachtungen von Gänsen beruhte Konrad Lorenz
20%
1907 15. Dezember brasilianischer Architekt, prägte durch seine Bauten das öffentliche Bild der brasilianischen Hauptstadt Brasilia Oscar Niemeyer
20%
1901 17. November deutscher Politiker der CDU, die nach ihm benannte Doktrin bestimmte das Verhältnis der BRD zur DDR in den 1950er- und 1960er-Jahren Walter Hallstein
20%
1901 18. Juni russische Adelige, Tochter des letzten Zaren, die angeblich der Ermordung durch die Bolschewiki entgangen sein soll Anastasia Nikolajewna Romanowa
13%
1905 16. Oktober deutscher Fußballer, wurde zwischen 1934 und 1942 sechsmal deutscher Meister mit dem FC Schalke 04 Ernst Kuzorra
13%
1909 20. Juni australischer Schauspieler, bekannt für seine Darstellungen in Abenteuerfilmen wie z. B. "Robin Hood" (1938) und "Der König der sieben Meere" (1940) Errol Flynn
13%
1907 14. April haitianischer Arzt und Politiker, der "Papa Doc" genannte Präsident Haitis regierte sein Land diktatorisch von 1957 - 1971 François Duvalier
13%
1909 17. Januar britischer Komiker, bekannt für seine Hauptrolle des Butlers in dem beliebten TV-Sketch "Dinner for One" Freddie Frinton
13%
1909 07. Juli deutscher Tennisspieler, der "Tennis-Baron" gewann 1934 und 1936 die French Open Gottfried von Cramm
13%
1906 03. Juni US-amerikanisch-französische Sängerin, Tänzerin und Schauspielerin, Mitglied der Résistance und erste schwarze Frau, die ins Pariser Panthéon aufgenommen wurde Josephine Baker
13%
1909 02. Dezember deutsche Publizistin, Mitherausgebern der "Zeit", Namensgebern eines jährlich verliehenen Preises für internationale Verständigung und Versöhnung Marion Gräfin Dönhoff
13%
1904 15. September italienischer Adeliger, war vom 06. Mai - 18. Juni 1946 der letzte König Italiens Umberto II.
13%
1906 11. März ukrainisch-schweizerischer Unternehmer, bekannt vor allem für die nach ihm benannte Zigarren- und Zigarettenmarke Zino Davidoff
13%
1905 08. April deutscher Politiker (parteilos), mit einer Amtszeit von 1945 - 1974 der bis heute am längsten regierende Oberbürgermeister von Stuttgart Arnulf Klett
7%
1910 01. März britischer Schauspieler, gewann 1959 den Oscar als bester Hauptdarsteller für "Getrennt von Tisch und Bett", daneben bekannt aus Filmen wie z. B. "Der rosarote Panther" (1963) David Niven
7%
1904 22. August chinesischer Politiker, regierte sein Heimatland als Nachfolger Maos von 1979 - 1997 Deng Xiaoping
7%
1910 23. Januar französischer Musiker, der Sinti gilt als Begründer des europäischen Jazz Django Reinhardt
7%
1908 16. Oktober albanischer Politiker, herrschte von 1944 - 1985 quasi diktatorisch über Albanien Enver Hoxha
7%
1907 02. September deutscher Fußballer, gewann gemeinsam mit dem am 16. Oktober 1905 Geborenen sechsmal die deutsche Meisterschaft mit dem FC Schalke 04 Fritz Szepan
7%
1908 01. Februar ungarischer Tricktechniker und Filmregisseur, drehte u. a. die Science-Fiction-Filme "Kampf der Welten" (1953) und "Die Zeitmaschine" (1960) George Pal
7%
1902 28. Juli österreichisch-britischer Philosoph, Begründer des "Kritischen Rationalismus" Karl Popper
7%
1909 26. Mai schottischer Fußballspieler und -trainer, gewann von 1945 - 1969 mit Manchester United u. a. fünf Meisterschaften und einen Europapokal der Landesmeister Matt Busby
7%
1910 14. Juli US-amerikanischer Trickfilmzeichner, schuf gemeinsam mit seinem Partner Joseph Barbera Cartoons wie z. B. die "Familie Feuerstein" oder "Scooby-Doo" William Hanna
7%
1903 25. April russischer Mathematiker, seine bekannteste mathematische Leistung war die Axiomatisierung der Wahrscheinlichkeitstheorie. Andrei Kolmogorow
0%
1904 14. November britischer Geistlicher, amtierte von 1961 - 1974 als Erzbischof von Canterbury Arthur Michael Ramsey
0%
1902 06. Oktober deutscher Liedtexter, schrieb den deutschen Text für Heintjes "Mama" von 1967 Bruno Balz
0%
1904 20. März US-amerikanischer Psychologe, prägte die Bezeichnung "operante Konditionierung" mittels Verhaltensexperimenten, bei denen er Tiere in Boxen steckte Burrhus Frederic Skinner
0%
1908 11. Dezember spanischer Politiker, war von 1973 - 1976 Ministerpräsident von Spanien, verkündete 1975 unter Tränen den Tod General Francos Carlos Arias Navarro
0%
1907 15. Februar US-amerikanischer Schauspieler, verkörperte zwischen 1966 und 1968 in 22 Episoden der TV-Serie "Batman" den "Joker" Cesar Romero
0%
1905 29. Juli schwedischer Politiker und Friedensnobelpreisträger, war von 1953 - 1961 2. Generalsekretär der Vereinten Nationen Dag Hammarskjöld
0%
1905 09. Februar britischer Leichtathlet und Politiker, war von 1946 - 1976 Präsident des Leichtathletikweltverbandes IAAF David Cecil, Lord Burghley
0%
1910 28. September philippinischer Politiker, war von 1961 - 1965 neunter Präsident der Philippinen Diosdado Macapagal
0%
1908 04. September deutsche Schauspielerin, Pionierin des frühen französischen Kinos durch Filme wie "L'Atalante" (1934) und "La Grande Illusion" (1937) Dita Parlo
0%
1905 11. Dezember irischer Politiker, war von 1973 - 1974 Präsident der Republik Irland Erskine Hamilton Childers
0%
1909 28. Oktober irischer Maler, gehörte zu den Hauptvertretern der gegenständlichen Malerei, bekannt für Bilder deformierter Menschen und von Päpsten, möglicherweise Nachfahre eines gleichnamigen englischen Philosophen des 16./17. Jahrhunderts Francis Bacon
0%
1906 16. August liechtensteinischer Adeliger, war von 1938 - 1989 Fürst von Liechtenstein Franz Josef II.
0%
1908 31. Juli deutscher Politiker (CDU), war von 1958 - 1966 der vierte Ministerpräsident Nordrhein-Westfalens Franz Meyers
0%
1903 16. Juli deutscher Jurist, war als Generalstaatsanwalt in Hessen entscheidend an der Entführung Adolf Eichmanns und den Auschwitzprozessen beteiligt Fritz Bauer
0%
1908 05. März deutscher Historiker, löste in den 1960er-Jahren mit seinen Forschungen zur Schuldfrage des Ersten Weltkriegs eine gesellschaftliche Kontroverse aus Fritz Fischer
0%
1904 16. Februar US-amerikanischer Historiker und Diplomat, wirkte maßgeblich bei der Formulierung der Truman-Doktrin und des Marshall-Plans mit George Frost Kennan
0%
1902 06. Dezember italienischer Geistlicher, war von 1963 - 1979 Erzbischof von Mailand Giovanni Colombo
0%
1902 10. Juni deutsche Chemikerin und Unternehmerin, Ehefrau eines der bekanntesten deutschen Philosophen des 20. Jahrhunderts Gretel Adorno
0%
1902 25. Mai deutscher Architekt, entwarf u. a. das "Café Kranzler" in Berlin, das "RWE-Hochhaus" in Essen und das "Sparkassen-Hochhaus" in Dortmund Hanns Dustmann
0%
1907 25. Juni deutscher Physiker, erhielt für die Entwicklung des Schalenmodells des Atomkerns 1963 den Physiknobelpreis Hans Jensen
0%
1909 02. September deutscher Offizier und Publizist, führender Widerstandskämpfer gegen den Nationalsozialismus Harro Schulze-Boysen
0%
1904 01. Oktober deutscher Politiker (CDU), war von 1950 - 1954 der zweite Präsident des Deutschen Bundestages Hermann Ehlers
0%
1901 31. Juli französischer Künstler, prägte den Begriff der "Art brut", also die Kunst von Laien, Kindern oder Menschen mit psychischen Krankheiten Jean Dubuffet
0%
1910 27. Februar US-amerikanische Schauspielerin, bekannt u. a. durch Hauptrollen der Film noirs "Gefährliche Begegnung" (1944) oder "Straße der Versuchung" (1945) Joan Bennett
0%
1906 01. September dominikanischer Politiker, war mit Unterbrechungen von 1960 - 1996 Präsident der Dominikanischen Republik Joaquín Balaguer
0%
1905 22. August norwegischer Politiker (Høyre), war im Frühherbst 1963 für etwa vier Wochen Ministerpräsident von Norwegen John Lyng
0%
1902 12. September brasilianischer Politiker, Staatspräsident seines Heimatlandes von 1956 - 1961 Juscelino Kubitschek
0%
1910 08. Dezember deutscher Seemann, Pilot und Kinobetreiber, sein 1939 erstmals eingesetztes He 59C-2 WL-APIE gilt als das erste Seenotrettungsflugzeug der Welt Karl Born
0%
1902 28. November deutscher Ökonom, war trotz seiner NS-Vergangenheit von 1965 - 1976 Präsident des ifo Instituts für Wirtschaftsforschung Karl Maria Hettlage
0%
1902 16. Januar deutscher Nordischer Kombinierer, Fahnenträger der deutschen Mannschaft bei den Olympischen Winterspielen 1928 Karl Neuner
0%
1906 29. November deutsche Leichtathletin, gewann bei den Olympischen Sommerspielen 1936 in Berlin die Bronzemedaille im 100-m-Lauf Käthe Krauß
0%
1906 26. Mai deutscher Theologe, Arzt und Bildender Künstler, der während des Russlandfeldzugs 1942 die berühmte "Stalingradmadonna" schuf Kurt Reuber
0%
1901 21. Oktober deutsche Publizistin, bekannt für ihren autobiographischen Erfahrungsbericht "Als Gefangene bei Stalin und Hitler" von 1946 Margarete Buber-Neumann
0%
1907 28. August italienischer Sänger, Schauspieler und Moderator, war ab den 1920er-Jahren einer der bekanntesten Macchietta-Sänger Italiens Nino Taranto
0%
1909 10. November US-amerikanischer Schriftsteller, Erfinder der "Drei Fragezeichen" Robert Arthur
0%
1903 11. März neuseeländischer Althistoriker, sein über Fachgrenzen hinaus bekanntestes Werk ist die "Roman Revolution" Ronald Syme
0%
1903 11. September deutscher Philosoph, Soziologe und Komponist, Ehemann der gesuchten Person vom 10. Juni 1902 Theodor W. Adorno
0%
1903 12. Oktober österreichischer Komponist, schrieb die Melodie zu "Veronika, der Lenz ist da" von den Comedian Harmonists Walter Jurmann
0%
1910 12. Oktober deutsche Porträt- und Landschaftsmalerin, zu ihren Werken gehören u. a. die Ölgemälde "Anemonen" und "Magnolien" Wisa von Westphalen
0%
Keine übereinstimmenden Quizze gefunden
Verteilung der Resultate
Anzahl Personen mit jedem Resultat
Perzentil nach korrekt beantworteten Fragen
Ihre Resultats-Entwicklung
Sie haben dieses Quiz noch nicht gespielt